| 000 | 01008 a2200361 4500 | ||
|---|---|---|---|
| 003 | 00 | ||
| 005 | 20171004164707.0 | ||
| 008 | 171004b xxu||||| |||| 00| 0 eng d | ||
| 020 | _a2-8041-1674-3 | ||
| 037 | _b1, LP | ||
| 037 | _b2, CIUF | ||
| 037 | _aDe 9012 | ||
| 037 | _aDe 8491 | ||
| 037 | _aDe 8922 | ||
| 040 |
_aBUAC _bFre _cBUC |
||
| 100 |
_aHellriegel, Don _91460 |
||
| 100 | _lFr | ||
| 245 |
_aManagement des organisations _c/ par Don Hellriegel |
||
| 250 | _b6ème tirage | ||
| 260 |
_aBruxelles : _bDeBoeck, _c1999 |
||
| 300 |
_a693 p. _bcouv. en coul. ; _c24 cm. |
||
| 440 |
_a(Collection Management) _95641 |
||
| 440 | _x0779-4630 | ||
| 500 | _aBibliogr. à la fin de chaque de chaque chapitre Index pp. (681-693) | ||
| 630 | _a- SCIENCES APPLIQUEES | ||
| 650 | _aGestion | ||
| 650 |
_aorganisation : gestion _919543 |
||
| 700 | _aSlocum, John W. | ||
| 700 | _aWoodman, Richard W. | ||
| 700 |
_aTrad., Truchan-Saporta, Michèle _919544 |
||
| 942 | _cLBA | ||
| 999 |
_c33724 _d33724 |
||